000 00426nam a22001697a 4500
003 OSt
005 20220106082521.0
008 220106b |||||||| |||| 00| 0 eng d
020 _a9780071106566
040 _cHU
082 _a621.3 FOW 2008
100 _a Fowler, Richard J
_911859
245 _a Electricity : principles and applications
260 _c2008
300 _axi511P
_bPC
_c30cm
942 _2ddc
_cBOOKS
_n0
999 _c26172
_d26172